Statistiques concernant Top 50 des personnages My Hero Academia les plus populaires

Cliquez ici pour prendre le quiz!

Statistiques générales

  • Ce quiz a été pris 94 fois
  • Le résultat moyen est 24 sur 51

Statistiques - réponses

PlaceVotesPersonnages% Correct
28 018Izuku Midoriya
99%
113 731Katsuki Bakugo
98%
20597All Might
96%
35 006Shoto Todoroki
94%
101 626Ochaco Uraraka
87%
71 849Shota Aizawa
83%
12981Tomura Shigaraki
82%
43 483Endeavor
80%
39109All For One
77%
61 853Denki Kaminari
76%
91 776Eijiro Kirishima
76%
29261Tsuyu Asui
73%
111 045Crematorium
72%
52 460Tenya Iida
71%
81 820Hawks
70%
23523Momo Yaoyorozu
70%
21587Himiko Toga
66%
4669Minoru Mineta
66%
33179Mina Ashido
62%
13912Mirio Togata
56%
26321Fumikage Tokoyami
54%
36138Twice
51%
19683Kyoka Jiro
49%
27295Yo Shindo
45%
24420Nejire Hado
44%
14862Hanta Sero
43%
17701Present Mic
43%
34173Overhaul
41%
16721Tamaki Amajiki
39%
4378Toru Hagakure
39%
4191Yuga Aoyama
37%
4285Fat Gum
35%
25350Mirko
35%
22530Neito Monoma
35%
32203Shin Nemoto
35%
30260Best Jeanist
34%
18687Hitoshi Shinso
34%
37132Mezo Shoji
33%
35167Sir Night Eye
29%
4098Mashirao Ojiro
24%
4768Lady Nagant
20%
4955Mister Compress
18%
4857Edge Shot
15%
4572Mei Hatsume
15%
5053Magnet
12%
15746Rody Soul
7%
31205Mustard
6%
38118Seiji Shishikura
6%
4476Setsuna Tokage
6%
28273Ishikikon Datchan
5%
5053Bakudog
4%

Distribution des résultats

Percentile par nombre de réponses

% des personnes avec chaque résultat

Votre développement - résultats

Vous n’avez pas pris ce quiz